| 000 | 00757nam a2200229 a 4500 | ||
|---|---|---|---|
| 001 | 50017 | ||
| 003 | BD-RjUL | ||
| 005 | 20211209075438.0 | ||
| 008 | 160823s1958 nyua 000 0 eng | ||
| 035 | _a(BD-RjUL)50137 | ||
| 040 |
_aBD-RjUL _cTxU-Da _dBD-RjUL _beng |
||
| 041 | _aeng | ||
| 082 |
_a372.35 _222 _bBLE 1958 |
||
| 100 | 1 |
_aBlough, Glenn Orlando. _9149897 |
|
| 245 | 1 | 0 |
_aElementary-school science and how to teach it / _c[by] Glenn O. Blough, Julius Schwartz [and] Albert J. Huggett. |
| 250 | _aRev. ed. | ||
| 260 |
_aNew York : _bHolt, Rinehart and Winston, _cc1958 |
||
| 300 |
_axvi, 608 p. : _bill. ; _c26 cm. |
||
| 504 | _aIncludes Bibliographical References and Index | ||
| 650 | 0 |
_aScience _xStudy and teaching. _9149898 |
|
| 942 |
_2ddc _cBK |
||
| 999 |
_c50017 _d50017 |
||